<?xml version="1.0" encoding="UTF-8"?>
<record
    xmlns:xsi="http://www.w3.org/2001/XMLSchema-instance"
    xsi:schemaLocation="http://www.loc.gov/MARC21/slim http://www.loc.gov/standards/marcxml/schema/MARC21slim.xsd"
    xmlns="http://www.loc.gov/MARC21/slim">

  <leader>01264nam a2200229Ia 4500</leader>
  <controlfield tag="003">Ost</controlfield>
  <controlfield tag="005">20260507075128.0</controlfield>
  <controlfield tag="008">260507s9999||||xx |||||||||||||| ||und||</controlfield>
  <datafield tag="020" ind1=" " ind2=" ">
    <subfield code="a">7076345977</subfield>
  </datafield>
  <datafield tag="040" ind1=" " ind2=" ">
    <subfield code="c">fsecg</subfield>
  </datafield>
  <datafield tag="041" ind1=" " ind2=" ">
    <subfield code="a">ara</subfield>
  </datafield>
  <datafield tag="082" ind1=" " ind2=" ">
    <subfield code="a">330</subfield>
  </datafield>
  <datafield tag="100" ind1=" " ind2=" ">
    <subfield code="a">&#x62A;&#x634;&#x633;&#x648;&#x631;&#x62B;&#x60C; &#x646;&#x64A;&#x643;&#x64A;</subfield>
    <subfield code="e">&#x645;&#x624;&#x644;&#x641;</subfield>
  </datafield>
  <datafield tag="245" ind1=" " ind2="0">
    <subfield code="a">&#x643;&#x64A;&#x641;&#x64A;&#x629; &#x627;&#x644;&#x62A;&#x63A;&#x644;&#x628; &#x639;&#x644;&#x649; &#x627;&#x644;&#x631;&#x643;&#x648;&#x62F; &#x627;&#x644;&#x625;&#x642;&#x62A;&#x635;&#x627;&#x62F;&#x64A; /</subfield>
    <subfield code="c"> &#x646;&#x64A;&#x643;&#x64A; &#x62A;&#x634;&#x633;&#x648;&#x631;&#x62B;</subfield>
  </datafield>
  <datafield tag="260" ind1=" " ind2=" ">
    <subfield code="a">&#x627;&#x644;&#x642;&#x627;&#x647;&#x631;&#x629;: </subfield>
    <subfield code="b">&#x62F;&#x627;&#x631; &#x627;&#x644;&#x641;&#x627;&#x631;&#x648;&#x642; &#x644;&#x644;&#x646;&#x634;&#x631; &#x648;&#x627;&#x644;&#x62A;&#x648;&#x632;&#x64A;&#x639;, </subfield>
    <subfield code="c">2001</subfield>
  </datafield>
  <datafield tag="300" ind1=" " ind2=" ">
    <subfield code="a">112  &#x635;&#x641;&#x62D;&#x629;&#x61B; </subfield>
    <subfield code="b">&#x625;&#x64A;&#x636;&#x627;&#x62D;&#x627;&#x62A; &#x61B;</subfield>
    <subfield code="c">24 &#x633;&#x645;</subfield>
  </datafield>
  <datafield tag="520" ind1=" " ind2=" ">
    <subfield code="a">&#x627;&#x644;&#x62B;&#x628;&#x627;&#x62A; &#x648;&#x642;&#x62A; &#x627;&#x644;&#x623;&#x632;&#x645;&#x627;&#x62A;- &#x623;&#x62B;&#x631; &#x627;&#x644;&#x631;&#x643;&#x648;&#x62F; &#x627;&#x644;&#x625;&#x642;&#x62A;&#x635;&#x627;&#x62F;&#x64A; &#x639;&#x644;&#x649; &#x62A;&#x62C;&#x627;&#x631;&#x62A;&#x643;- &#x645;&#x627;&#x647;&#x64A; &#x62D;&#x627;&#x644;&#x62A;&#x643; &#x627;&#x644;&#x645;&#x627;&#x644;&#x64A;&#x629;&#x61F;- &#x627;&#x644;&#x639;&#x644;&#x627;&#x645;&#x627;&#x62A; &#x627;&#x644;&#x62A;&#x62D;&#x630;&#x64A;&#x631;&#x64A;&#x629;- &#x627;&#x644;&#x633;&#x64A;&#x648;&#x644;&#x629; &#x627;&#x644;&#x646;&#x642;&#x62F;&#x64A;&#x629; &#x647;&#x64A; &#x643;&#x644; &#x634;&#x64A;&#x626;- &#x62A;&#x62E;&#x644;&#x635; &#x645;&#x646; &#x627;&#x644;&#x645;&#x635;&#x631;&#x648;&#x641;&#x627;&#x62A; &#x627;&#x644;&#x625;&#x636;&#x627;&#x641;&#x64A;&#x629;- &#x627;&#x642;&#x62A;&#x646;&#x635; &#x627;&#x644;&#x635;&#x641;&#x642;&#x627;&#x62A; &#x627;&#x644;&#x645;&#x631;&#x628;&#x62D;&#x629;- &#x643;&#x646; &#x62D;&#x630;&#x631;&#x627; &#x641;&#x64A; &#x62C;&#x645;&#x64A;&#x639; &#x62A;&#x62D;&#x631;&#x643;&#x627;&#x62A;&#x643;- &#x627;&#x644;&#x623;&#x631;&#x628;&#x627;&#x62D; &#x648;&#x627;&#x644;&#x645;&#x628;&#x64A;&#x639;&#x627;&#x62A;- &#x627;&#x645;&#x627; &#x627;&#x644;&#x628;&#x646;&#x643; &#x648;&#x625;&#x645;&#x627; &#x627;&#x644;&#x625;&#x641;&#x644;&#x627;&#x633;- &#x62D;&#x645;&#x627;&#x64A;&#x629; &#x623;&#x645;&#x648;&#x627;&#x644;&#x643; &#x627;&#x644;&#x634;&#x62E;&#x635;&#x64A;&#x629;- &#x625;&#x630; &#x644;&#x645; &#x64A;&#x641;&#x644;&#x62D; &#x643;&#x644; &#x645;&#x627; &#x633;&#x628;&#x642;.</subfield>
  </datafield>
  <datafield tag="653" ind1=" " ind2=" ">
    <subfield code="a">&#x627;&#x644;&#x623;&#x632;&#x645;&#x629; &#x627;&#x644;&#x625;&#x642;&#x62A;&#x635;&#x627;&#x62F;&#x64A;&#x629;</subfield>
  </datafield>
  <datafield tag="653" ind1=" " ind2=" ">
    <subfield code="a">&#x627;&#x644;&#x631;&#x643;&#x648;&#x62F; &#x627;&#x644;&#x625;&#x642;&#x62A;&#x635;&#x627;&#x62F;&#x64A;</subfield>
  </datafield>
  <datafield tag="700" ind1=" " ind2=" ">
    <subfield code="a">&#x627;&#x644;&#x639;&#x627;&#x645;&#x631;&#x64A;&#x60C; &#x62E;&#x627;&#x644;&#x62F; </subfield>
    <subfield code="e">&#x645;&#x624;&#x644;&#x641; &#x62B;&#x627;&#x646;&#x648;&#x64A;</subfield>
  </datafield>
  <datafield tag="942" ind1=" " ind2=" ">
    <subfield code="c">&#x643;&#x62A;&#x627;&#x628;</subfield>
  </datafield>
  <datafield tag="952" ind1=" " ind2=" ">
    <subfield code="0">0</subfield>
    <subfield code="1">0</subfield>
    <subfield code="2">ddc</subfield>
    <subfield code="4">0</subfield>
    <subfield code="7">-1</subfield>
    <subfield code="a">fsecg</subfield>
    <subfield code="b">fsecg</subfield>
    <subfield code="d">2026-05-07</subfield>
    <subfield code="h">&#x627;&#x644;&#x637;&#x627;&#x628;&#x642; &#x627;&#x644;&#x623;&#x631;&#x636;&#x64A;</subfield>
    <subfield code="i">2193/1</subfield>
    <subfield code="l">0</subfield>
    <subfield code="o">&#x623;/2193&#x646;1</subfield>
    <subfield code="p">2193/1</subfield>
    <subfield code="r">2026-05-07 07:51:28</subfield>
    <subfield code="w">2026-05-07</subfield>
    <subfield code="y">&#x643;&#x62A;&#x627;&#x628;</subfield>
  </datafield>
  <datafield tag="952" ind1=" " ind2=" ">
    <subfield code="0">0</subfield>
    <subfield code="1">0</subfield>
    <subfield code="2">ddc</subfield>
    <subfield code="4">0</subfield>
    <subfield code="7">0</subfield>
    <subfield code="a">fsecg</subfield>
    <subfield code="b">fsecg</subfield>
    <subfield code="d">2026-05-07</subfield>
    <subfield code="h">&#x627;&#x644;&#x637;&#x627;&#x628;&#x642; &#x627;&#x644;&#x623;&#x631;&#x636;&#x64A;</subfield>
    <subfield code="i">2193/2</subfield>
    <subfield code="l">0</subfield>
    <subfield code="o">&#x623;/2193&#x646;2</subfield>
    <subfield code="p">2193/2</subfield>
    <subfield code="r">2026-05-07 07:51:28</subfield>
    <subfield code="w">2026-05-07</subfield>
    <subfield code="y">&#x643;&#x62A;&#x627;&#x628;</subfield>
  </datafield>
  <datafield tag="952" ind1=" " ind2=" ">
    <subfield code="0">0</subfield>
    <subfield code="1">0</subfield>
    <subfield code="2">ddc</subfield>
    <subfield code="4">0</subfield>
    <subfield code="7">0</subfield>
    <subfield code="a">fsecg</subfield>
    <subfield code="b">fsecg</subfield>
    <subfield code="d">2026-05-07</subfield>
    <subfield code="h">&#x627;&#x644;&#x637;&#x627;&#x628;&#x642; &#x627;&#x644;&#x623;&#x631;&#x636;&#x64A;</subfield>
    <subfield code="i">2193/3</subfield>
    <subfield code="l">0</subfield>
    <subfield code="o">&#x623;/2193&#x646;3</subfield>
    <subfield code="p">2193/3</subfield>
    <subfield code="r">2026-05-07 07:51:28</subfield>
    <subfield code="w">2026-05-07</subfield>
    <subfield code="y">&#x643;&#x62A;&#x627;&#x628;</subfield>
  </datafield>
  <datafield tag="952" ind1=" " ind2=" ">
    <subfield code="0">0</subfield>
    <subfield code="1">0</subfield>
    <subfield code="2">ddc</subfield>
    <subfield code="4">0</subfield>
    <subfield code="7">0</subfield>
    <subfield code="a">fsecg</subfield>
    <subfield code="b">fsecg</subfield>
    <subfield code="d">2026-05-07</subfield>
    <subfield code="h">&#x627;&#x644;&#x637;&#x627;&#x628;&#x642; &#x627;&#x644;&#x623;&#x631;&#x636;&#x64A;</subfield>
    <subfield code="i">2193/4</subfield>
    <subfield code="l">0</subfield>
    <subfield code="o">&#x623;/2193&#x646;4</subfield>
    <subfield code="p">2193/4</subfield>
    <subfield code="r">2026-05-07 07:51:28</subfield>
    <subfield code="w">2026-05-07</subfield>
    <subfield code="y">&#x643;&#x62A;&#x627;&#x628;</subfield>
  </datafield>
  <datafield tag="952" ind1=" " ind2=" ">
    <subfield code="0">0</subfield>
    <subfield code="1">0</subfield>
    <subfield code="2">ddc</subfield>
    <subfield code="4">0</subfield>
    <subfield code="7">0</subfield>
    <subfield code="a">fsecg</subfield>
    <subfield code="b">fsecg</subfield>
    <subfield code="d">2026-05-07</subfield>
    <subfield code="h">&#x627;&#x644;&#x637;&#x627;&#x628;&#x642; &#x627;&#x644;&#x623;&#x631;&#x636;&#x64A;</subfield>
    <subfield code="i">2193/5</subfield>
    <subfield code="l">0</subfield>
    <subfield code="o">&#x623;/2193&#x646;5</subfield>
    <subfield code="p">2193/5</subfield>
    <subfield code="r">2026-05-07 07:51:28</subfield>
    <subfield code="w">2026-05-07</subfield>
    <subfield code="y">&#x643;&#x62A;&#x627;&#x628;</subfield>
  </datafield>
  <datafield tag="952" ind1=" " ind2=" ">
    <subfield code="0">0</subfield>
    <subfield code="1">0</subfield>
    <subfield code="2">ddc</subfield>
    <subfield code="4">0</subfield>
    <subfield code="7">0</subfield>
    <subfield code="a">fsecg</subfield>
    <subfield code="b">fsecg</subfield>
    <subfield code="d">2026-05-07</subfield>
    <subfield code="h">&#x627;&#x644;&#x637;&#x627;&#x628;&#x642; &#x627;&#x644;&#x62B;&#x627;&#x646;&#x64A;</subfield>
    <subfield code="i">2193/6</subfield>
    <subfield code="l">0</subfield>
    <subfield code="o">&#x623;/2193&#x646;6</subfield>
    <subfield code="p">2193/6</subfield>
    <subfield code="r">2026-05-07 07:51:28</subfield>
    <subfield code="w">2026-05-07</subfield>
    <subfield code="y">&#x643;&#x62A;&#x627;&#x628;</subfield>
  </datafield>
  <datafield tag="952" ind1=" " ind2=" ">
    <subfield code="0">0</subfield>
    <subfield code="1">0</subfield>
    <subfield code="2">ddc</subfield>
    <subfield code="4">0</subfield>
    <subfield code="7">0</subfield>
    <subfield code="a">fsecg</subfield>
    <subfield code="b">fsecg</subfield>
    <subfield code="d">2026-05-07</subfield>
    <subfield code="h">&#x627;&#x644;&#x637;&#x627;&#x628;&#x642; &#x627;&#x644;&#x62B;&#x627;&#x646;&#x64A;</subfield>
    <subfield code="i">2193/7</subfield>
    <subfield code="l">0</subfield>
    <subfield code="o">&#x623;/2193&#x646;7</subfield>
    <subfield code="p">2193/7</subfield>
    <subfield code="r">2026-05-07 07:51:28</subfield>
    <subfield code="w">2026-05-07</subfield>
    <subfield code="y">&#x643;&#x62A;&#x627;&#x628;</subfield>
  </datafield>
  <datafield tag="952" ind1=" " ind2=" ">
    <subfield code="0">0</subfield>
    <subfield code="1">0</subfield>
    <subfield code="2">ddc</subfield>
    <subfield code="4">0</subfield>
    <subfield code="7">0</subfield>
    <subfield code="a">fsecg</subfield>
    <subfield code="b">fsecg</subfield>
    <subfield code="d">2026-05-07</subfield>
    <subfield code="h">&#x627;&#x644;&#x637;&#x627;&#x628;&#x642; &#x627;&#x644;&#x62B;&#x627;&#x646;&#x64A;</subfield>
    <subfield code="i">2193/8</subfield>
    <subfield code="l">0</subfield>
    <subfield code="o">&#x623;/2193&#x646;8</subfield>
    <subfield code="p">2193/8</subfield>
    <subfield code="r">2026-05-07 07:51:28</subfield>
    <subfield code="w">2026-05-07</subfield>
    <subfield code="y">&#x643;&#x62A;&#x627;&#x628;</subfield>
  </datafield>
  <datafield tag="952" ind1=" " ind2=" ">
    <subfield code="0">0</subfield>
    <subfield code="1">0</subfield>
    <subfield code="2">ddc</subfield>
    <subfield code="4">0</subfield>
    <subfield code="7">0</subfield>
    <subfield code="a">fsecg</subfield>
    <subfield code="b">fsecg</subfield>
    <subfield code="d">2026-05-07</subfield>
    <subfield code="h">&#x627;&#x644;&#x637;&#x627;&#x628;&#x642; &#x627;&#x644;&#x62B;&#x627;&#x646;&#x64A;</subfield>
    <subfield code="i">2193/9</subfield>
    <subfield code="l">0</subfield>
    <subfield code="o">&#x623;/2193&#x646;9</subfield>
    <subfield code="p">2193/9</subfield>
    <subfield code="r">2026-05-07 07:51:28</subfield>
    <subfield code="w">2026-05-07</subfield>
    <subfield code="y">&#x643;&#x62A;&#x627;&#x628;</subfield>
  </datafield>
  <datafield tag="999" ind1=" " ind2=" ">
    <subfield code="c">43183</subfield>
    <subfield code="d">43183</subfield>
  </datafield>
</record>
